Car Seat Headrest - Cute Thing Lyrics - Statistics

General Stats
  • This quiz has been taken 20 times
  • The average score is 241 of 330
Answer Stats
Answer % Correct
a
100%
an
100%
and
100%
And
100%
be
100%
Cute
100%
(cute
100%
cute
100%
me
100%
thing
100%
thing)
100%
when
100%
When
100%
you
100%
your
100%
you're
100%
(Do
92%
do
92%
do)
92%
Don't
92%
(don't
92%
don't
92%
Frank
92%
Give
92%
God
92%
Hot
92%
(hot
92%
hot
92%
I
92%
in
92%
It
92%
(it
92%
it
92%
no
92%
Ocean's
92%
old
92%
presence
92%
rock
92%
rude
92%
so
92%
stage
92%
voice
92%
we
92%
apologize
83%
got
83%
He
83%
James
83%
make
83%
man
83%
man"
83%
of
83%
Of
83%
one
83%
romantic
83%
the
83%
to
83%
wait
83%
will
83%
bodies
75%
Brown's
75%
chance
75%
cigarette
75%
Come
75%
debauchery
75%
for
75%
fucking
75%
Healthy
75%
Kansas
75%
let
75%
Let
75%
light
75%
little
75%
minds
75%
sex
75%
smoke
75%
visit
75%
was
75%
weed
75%
week
75%
fives
67%
high
67%
love
67%
much
67%
nothing
67%
nothing)
67%
ourselves
67%
sexy
67%
Songs
67%
together
67%
us
67%
weird
67%
We're
67%
who
67%
am
58%
can
58%
dice
58%
Dog
58%
dog
58%
getting
58%
if
58%
its
58%
like
58%
Like
58%
my
58%
name
58%
rolling
58%
some
58%
touch
58%
Trying
58%
trying
58%
with
58%
accidentally
50%
aloud
50%
"Ana
50%
asked
50%
charm
50%
died
50%
drunk
50%
excommunicated
50%
explosion
50%
eyes
50%
first
50%
fit
50%
good
50%
hear
50%
him
50%
his
50%
how
50%
John
50%
Linnell
50%
lyrics
50%
media
50%
mixed
50%
Next
50%
Ng"
50%
Or
50%
poorly
50%
reviews
50%
say
50%
sleep
50%
spoke
50%
stammering
50%
"That's
50%
that's
50%
what
50%
words
50%
Worked
50%
would
50%
written
50%
Casting
42%
demons
42%
each
42%
Listen
42%
naked
42%
other's
42%
priest
42%
shit
42%
tell
42%
think
42%
tried
42%
walk
42%
majestic
33%
ones
33%
ah
25%
They're
25%
(ooh
8%
ooh)
8%
(Ooh
8%
ooh
8%
No matching quizzes found
Score Distribution
Percent of People with Each Score
Percentile by Number Answered
Your Score History
You have not taken this quiz